Statistiques concernant Culture Générale - Série 1011

Cliquez ici pour prendre le quiz!

Statistiques générales

  • Ce quiz a été pris 39 fois
  • Le résultat moyen est 7 sur 10

Statistiques - réponses

Question Réponse % Correct
Quand il désigne une matière scolaire, de quel mot "philo" est-il l'abréviation ?philosophie
95%
Quel est le prénom de Shakespeare, le dramaturge anglais mort en 1616 ?William
92%
De quel mot "médoc" est-il l'abréviation ?médicament
89%
À quel groupe de rock doit-on le titre "Bohemian Rhapsody" en 1975 ?Queen
82%
Sur quelle île française trouve-t-on la commune de l'Île-Rousse ?Corse
79%
Le chanteur du single "Juste une photo de toi" s'appelle Matt...Pokora
79%
Quelle couleur associe-t-on à la révolution qui a secoué l'Ukraine en 2004 ?orange
66%
Quelle capitale asiatique fut appelée ""Batavia", avant la proclamation de l'indépendance de son pays ?Djakarta
37%
Quel ébéniste français, prénommé André, a donné son nom à une école des arts appliqués et des métiers de l'art ?Boulle
26%
Quel pont relie la tour Eiffel au palais de Chaillot ?pont d'Iéna
24%

Distribution des résultats

Percentile par nombre de réponses

% des personnes avec chaque résultat

Votre développement - résultats

Vous n’avez pas pris ce quiz